| 000 | 00505nam a22001817a 4500 | ||
|---|---|---|---|
| 005 | 20251028173849.0 | ||
| 008 | 251028b |||||||| |||| 00| 0 eng d | ||
| 020 | _a9788171795369 | ||
| 020 | _a8171795366 | ||
| 050 | _aRT65 DAS | ||
| 100 | _aDash, P. K. | ||
| 245 |
_aMedicine for Nurses _cP. K. Dash & U. N. Panda |
||
| 250 | _a2nd ed. | ||
| 260 |
_aNew Delhi _bJaypee Brothers Medical Publishers _c1997 |
||
| 300 |
_avi. 498p. _bill. _c21.5cm |
||
| 700 | _aPanda, U. N. | ||
| 942 |
_2lcc _cBK _e2nd ed. _n0 |
||
| 999 |
_c7873 _d7873 |
||